000 00691nam a2200241Ia 4500
003 OSt
005 20220928125610.0
006 a|||||r|||| 00| 0
007 ta
008 220927b |||||||| |||| 00| 0 eng d
024 _a18155
037 _cTextual
040 _aSDCL
_cSDCL
_beng
041 _2eng
_aeng
082 _aR315v, P2
100 _aCunningham Conor
_9470475
245 0 _aGenealogy of nihilism
_b Philosophies of nothing and the difference of theology
260 _aLondon
_bRoutledge
_c2002
300 _axviii,315p.
_ccm.
490 _aRadical orthodoxy series
942 _hR315v, P2
_cTEXL
_2CC
999 _c783188
_d783188